[Event "Minsk op"]
[Site "Minsk"]
[Date "2023.11.09"]
[Round "7"]
[White "Nemogai, Vladimir"]
[Black "Paltarzhytski, Pavel"]
[Result "1/2-1/2"]
[WhiteElo "1132"]
[BlackElo "1600"]
[PlyCount "60"]
[EventDate "2023.11.03"]
[EventType "swiss"]
[EventRounds "9"]
[EventCountry "BLR"]
[SourceTitle "CB46_2023"]
[SourceDate "2023.11.15"]
[SourceVersion "1"]
[SourceVersionDate "2023.11.15"]
[SourceQuality "1"]

1. d4 d5 2. Nc3 e6 3. e4 c6 4. e5 Bd7 5. Nf3 c5 6. Ne2 cxd4 7. Nexd4 Nc6 8. Be3 Nge7 9. c4 Rc8 10. Nxc6 Bxc6 11. Rc1 dxc4 12. Qxd8+ Rxd8 13. Bxc4 Bxf3 14. gxf3 Nc6 15. Bb5 Bb4+ 16. Kf1 0-0 17. Bxc6 bxc6 18. Rxc6 a5 19. Kg2 Bd2 20. Rd6 Bb4 21. Rxd8 Rxd8 22. a3 Be7 23. Rb1 Rb8 24. Bd2 Bxa3 25. Bxa5 Rxb2 26. Rxb2 Bxb2 27. f4 Kf8 28. Bb4+ Ke8 29. Kf3 f6 30. exf6 gxf6 1/2-1/2

[Event "Minsk op"]
[Site "Minsk"]
[Date "2023.11.05"]
[Round "3"]
[White "Sivko, Lev"]
[Black "Paltarzhytski, Pavel"]
[Result "1-0"]
[WhiteElo "1184"]
[BlackElo "1600"]
[PlyCount "120"]
[EventDate "2023.11.03"]
[EventType "swiss"]
[EventRounds "9"]
[EventCountry "BLR"]
[SourceTitle "CB46_2023"]
[SourceDate "2023.11.15"]
[SourceVersion "1"]
[SourceVersionDate "2023.11.15"]
[SourceQuality "1"]

1. e4 c5 2. Nf3 Nc6 3. d4 cxd4 4. Nxd4 Nf6 5. Nc3 e5 6. Ndb5 d6 7. Bg5 a6 8. Na3 b5 9. Nd5 Be7 10. Bxf6 Bxf6 11. c3 Bg5 12. Be2 0-0 13. Qd3 f5 14. f3 fxe4 15. fxe4 Rb8 16. Bf3 b4 17. Nc2 bxc3 18. bxc3 a5 19. 0-0 Kh8 20. Rab1 Be6 21. Rfd1 Bxd5 22. Qxd5 Rxb1 23. Rxb1 Ne7 24. Qd3 Qc7 25. Kh1 a4 26. Na3 Rb8 27. Nb5 Qc5 28. c4 Nc8 29. Rd1 Rb6 30. Bg4 Rc6 31. Bxc8 Rxc8 32. Nxd6 Rf8 33. Nf5 g6 34. Ng3 Rd8 35. Qe2 Rxd1+ 36. Qxd1 Qxc4 37. Qb1 Qc1+ 38. Qxc1 Bxc1 39. Kg1 Kg7 40. Kf2 Kf6 41. Ne2 Bb2 42. Ke3 Ke6 43. Kd3 Kd6 44. Kc4 Kc6 45. h3 h6 46. Kb4 a3 47. Nc3 Bxc3+ 48. Kxc3 Kc5 49. g3 Kb5 50. Kb3 Kc5 51. Kxa3 Kd4 52. Kb2 Kxe4 53. a4 Kd3 54. Kc1 Ke3 55. a5 Kf3 56. a6 Kxg3 57. a7 Kxh3 58. a8Q g5 59. Qf3+ Kh4 60. Qh1+ Kg3 1-0

[Event "Minsk op"]
[Site "Minsk"]
[Date "2023.11.04"]
[Round "2"]
[White "Paltarzhytski, Pavel"]
[Black "Rataika, Mikalai"]
[Result "0-1"]
[WhiteElo "1600"]
[BlackElo "1295"]
[PlyCount "82"]
[EventDate "2023.11.03"]
[EventType "swiss"]
[EventRounds "9"]
[EventCountry "BLR"]
[SourceTitle "CB46_2023"]
[SourceDate "2023.11.15"]
[SourceVersion "1"]
[SourceVersionDate "2023.11.15"]
[SourceQuality "1"]

1. e4 c5 2. Nf3 e6 3. d4 cxd4 4. Nxd4 a6 5. Nc3 Qc7 6. Be2 Bb4 7. Bd2 Nf6 8. f3 Bd6 9. h3 Bg3+ 10. Kf1 Qb6 11. Be3 Qxb2 12. Na4 Qa3 13. c3 Bc7 14. Bc1 Qd6 15. Qe1 Nh5 16. Rg1 Ng3+ 17. Kf2 0-0 18. f4 Nxe4+ 19. Kf1 Nc6 20. Nxc6 Qxc6 21. Bf3 Qc4+ 22. Be2 Qxa4 23. Bd3 f5 24. g4 Qc6 25. gxf5 exf5 26. c4 Bb6 27. Rg2 Bd4 28. Rb1 b6 29. Bxe4 Qxe4 30. Qxe4 fxe4 31. h4 d5 32. Rg5 dxc4 33. h5 e3 34. Ke2 Rxf4 35. Bxe3 Re4 36. Rg3 Bg4+ 37. Kd2 Bxe3+ 38. Rxe3 Rd8+ 39. Kc3 Rxe3+ 40. Kxc4 Be6+ 41. Kb4 Rd4# 0-1